000 00404pab a2200145 454500
008 180718b1983 xxu||||| |||| 00| 0 eng d
100 _aVining, Aidan R.
245 _aProvincial ownership of government enterprise in Canada
260 _c1983
300 _a35-55
362 _aJan.-Mar.
650 _aGovernment Enterprise - Canada
773 _aAnnals of Public and Cooperative Economy
909 _a9220
999 _c9220
_d9220